God's relief for burdens: (Record no. 5872)

000 -LEADER
fixed length control field 00660nam a2200193 a 4500
001 - CONTROL NUMBER
control field :::00003614$&:&@@
003 - CONTROL NUMBER IDENTIFIER
control field OkBaRHE
005 - DATE AND TIME OF LATEST TRANSACTION
control field 20000607103308.0
008 - FIXED-LENGTH DATA ELEMENTS--GENERAL INFORMATION
fixed length control field s1974 j 000 0 eng u
040 ## - CATALOGING SOURCE
Transcribing agency
100 1# - MAIN ENTRY--PERSONAL NAME
Personal name Friederichsen, Mrs. Paul.
245 10 - TITLE STATEMENT
Title God's relief for burdens:
Remainder of title truth and comfort from Philippians.
260 ## - PUBLICATION, DISTRIBUTION, ETC. (IMPRINT)
Place of publication, distribution, etc Chicago, IL., :
Name of publisher, distributor, etc Moody Press
Date of publication, distribution, etc c1974
300 ## - PHYSICAL DESCRIPTION
Extent 256 p. : illus. ;
Dimensions 18 cm.
650 ## - SUBJECT ADDED ENTRY--TOPICAL TERM
Topical term or geographic name as entry element Bible New Testament Philippians
General subdivision Criticism, Interpretation, etc.
650 ## - SUBJECT ADDED ENTRY--TOPICAL TERM
Topical term or geographic name as entry element Christian Life
942 ## - ADDED ENTRY ELEMENTS (KOHA)
Source of classification or shelving scheme
Koha item type Books
Copies
Not for loan Price effective from Shelving location Copy number Lost status Koha item type Withdrawn status Source of classification or shelving scheme Date last seen Permanent Location Full call number Date acquired Barcode Damaged status
 2010-04-14General Stacks1 Books  2018-04-03RHEMA Bible Training CollegeBS 2705 .F7G62010-04-143614